00369nam a2200133Ia 4500008004100000041000800041082001700049100002200066245006200088250001400150260002900164300003000193365001200223240624s9999 xx 000 0 und d aeng a658.3125 ARM aARMSTRONG MICHAEL aARMSTRONG S HANDBOOK OF PERFORMANCE MANAGEMENT AN EVIDENC a(5th ed.) c2015aLondonbKogan Page axi, : 400 : p. : cm. ; 24 cGBPb30